00305nam a2200133Ia 4500008004000000041000800040082001100048100001600059245002000075260004800095650000700143650001200150650000900162210210b1927 xxu||||| |||| 00| 0 eng d aeng a930/84 aMYRES (J L) aDawn of history aLondonbWilliams And Nortgate Limitedc1927 aof ahistory aDawn